000 02278nam0a2200349 4500
001 RU\NLR\bibl\1420865
005 20260409074815.0
010 _a978-5-8439-0180-6
_9100
021 _aRU
_b2009-59922
_93700
035 _a(NLR Aleph) 001412813
090 _a1293312
_c1293312
100 _a20091007d2008 u y0rusy50 ca
101 0 _arus
102 _aRU
105 _aa |||||||||
200 1 _aОсновы теории алгоритмов
_eучебное пособие для студентов высших учебных заведений по специальности 080801.65 "Прикладная информатика (в сфере сервиса)"
_fС.Н. Середа, К.В. Макаров
_gМ-во образования и науки Рос. Федерации, Федер. агентство по образованию, Муром. ин-т (фил.) Гос. образоват. учреждения высш. проф. образования "Владимир. гос. ун-т"
205 _aИзд. 2-е, испр. и доп.
210 _aМуром
_cМуромский институт (филиал) Государственного образовательного учреждения высшего профессионального образования "Владимирский государственный университет"
_d2008
215 _a115 с.
_cил.
_d24
313 _aПо пред.изд.
320 _aБиблиогр.: с. 113 (13 назв.)
606 1 _aАлгоритмов теория
_jУчебные издания для высших учебных заведений
_92249468
_3RU\NLR\auth\661349362
606 _aПрограммы (компьют.)
_xАлгоритмы
_jУчебные издания для высших учебных заведений
_3RU\NLR\auth\661328537
_92211615
686 _aВ127я73-1
686 _aЗ973.2-018я73-1
700 1 _aСереда
_bС. Н.
_gСергей Николаевич
_4070
701 1 _4070
_8rus
_7ca
_aМакаров
_bК. В.
_cканд. техн. наук
_gКирилл Владимирович
_3RU\NLR\auth\7739123
_922107
801 0 _aRU
_bNLR
_c20091007
_gRCR
801 1 _aRU
_bNLR
_c20091007
942 _cBOOK
980 _aNB